Даты ИстРоса #17: 1924-1941 - Statistics

General Stats
  • This quiz has been taken 4 times
  • The average score is 13 of 14
Answer Stats
Событие Дата % Correct
Утверждение конституции СССР 1924
100%
Переименование Петроградав Ленинград 1924
100%
Переименование РКП(Б) в ВКП(б) 1924
100%
Самоубийство Есенина 1925
100%
Формирование объединенной оппозиции 1926
100%
Первая всесоюзная перепись 1926
100%
Нота Чемберлена 1927
100%
Шахтинское дело 1928
100%
Конфликт на КВЖД 1929
100%
Публикация Сталиным статьи"Год великого перелома" 1929
100%
Смерть Ленина(месяц, год) январь 1924
75%
Возвращение Японией России Северного Сахалина 1925
75%
Присоединение СССР к пакту Бриана-Келлога 1928
75%
Полоса признаний 1924-1925
50%
No matching quizzes found
Score Distribution
Percent of People with Each Score
Percentile by Number Answered
Your Score History
You have not taken this quiz